EToH - Ring 1 Towers - Statistics

General Stats
  • This quiz has been taken 85 times
  • The average score is 13 of 15
Answer Stats
Answer % Correct
Tower of Anger
95%
Tower of Madness
95%
Tower of Hecc
90%
Tower of Annoyingly Simple Trials
89%
Tower of Killjoys
87%
Tower of True Skill
87%
Citadel of Laptop Splitting
86%
Not Even A Tower
84%
Thanos Tower
84%
Tower of Keyboard Yeeting
84%
Tower of Impossible Expectations
83%
Tower of Stress
83%
Tower of Rage
79%
Tower of Screen Punching
76%
Tower of Noticeable Infuriation
75%
No matching quizzes found
Score Distribution
Percent of People with Each Score
Percentile by Number Answered
Your Score History
You have not taken this quiz